000 00392nam a2200157 a 4500
001 1776331135186
003 YourLibrary
005 20260416145134.0
008 260416s2008##################000#0#eng##
020 _a9781405728126
082 0 4 _a348.42
_bALL.3
245 1 0 _aThe All England Law Reports 2008 :
260 _c2008.
942 _cENGLISH
040 _aYourLibrary
_beng
_cYourLibrary
999 _c619522
_d619522